000
00314nam a22001337a 4500
008
181029b xxu||||| |||| 00| 0 eng d
020
_a
2740224931367
041
_a
eng
080
_a
320
100
_a
20
101
_a
SHP
245
_a
American Government Institutions & Politics
_c
Wilson,J.Q
942
_2
udc
_c
BK
999
_c
50948
_d
50948